Modelovanie veľkosti portfólia pomocou Berry-Esseenovej aproximácie

Základom dobrých aktuárskych analýz konkrétnych dát je vhodný výber metódy na efektívne stanovenie rozdelenia celkovej škody. Na vyjadrenie funkčných hodnôt distribučnej funkcie tohto rozdelenia existujú postupy exaktné, aproximatívne, rekurentné, ale hodnoty môžeme získať aj pomocou simulácií. Akék...

ver descrição completa

Na minha lista:
Detalhes bibliográficos
Autor principal: Páleš, Michal, 1984-
Formato: Capítulo de Livro
Idioma:eslovaco
Assuntos:
Tags: Adicionar Tag
Sem tags, seja o primeiro a adicionar uma tag!

MARC

LEADER 00000nla$a2200000$$$4500
001 0114432
005 20240502072257.1
041 0 |a slo 
044 |a SK 
245 1 0 |a Modelovanie veľkosti portfólia pomocou Berry-Esseenovej aproximácie  |c Michal Páleš 
520 |a Základom dobrých aktuárskych analýz konkrétnych dát je vhodný výber metódy na efektívne stanovenie rozdelenia celkovej škody. Na vyjadrenie funkčných hodnôt distribučnej funkcie tohto rozdelenia existujú postupy exaktné, aproximatívne, rekurentné, ale hodnoty môžeme získať aj pomocou simulácií. Akékoľvek vyjadrenie rozdelenia celkovej škody zo skúmaného portfólia nám umožňuje následne odpovedať na otázky týkajúce sa schopnosti poisťovateľa plniť svoje záväzky, pričom presnosť odhadov je úmerná náročnosti použitej metódy, ale je závislá aj od typu rozdelení. Aproximatívny efekt normálneho rozdelenia v súvislosti s modelovaním potrebného počtu zmlúv, vzhľadom na konkrétnu úroveň rizikovej prirážky, s názornou ukážkou na modelových dátach. 
610 2 0 |a modely 
610 2 0 |a simulácia 
610 2 0 |a modelovanie matematické 
610 2 0 |a poistenie 
610 2 0 |a zmluvy poistné 
610 2 0 |a škody 
100 1 |a Páleš, Michal, 1984-